000
00202 a2200097 4500
001
10352
100
_a
Kiver, M D
245
_a
Television simplified
260
_a
_b
D Van Nost
_c
090
_c
8005
_d
8005
942
_a
NUST-CAE
_c
M
_c
34718
999
_c
245425
_d
245425